00824nam a2200205 4500001000700000003000900007007000300016008004100019100002700060245018800087250001200275260003700287300003600324700002700360700003500387700002700422852003000449999001900479952012000498148426ES-MaACLt|070214s1931 sp r ||||1| spa d1 aStrauss, Otto.910840310aCompendio de técnica radiológica, radiodiagnóstico y radioterapia /cpor los doctores Otto Strauss y Otto Müller ; traducido del alemán por los doctores J. Cabrera y J. Gay. a1ª ed. aMadrid : bEspasa-Calpe, c1931. aVIII, 451 p. : bil. ; c25 cm.1 aMüller, Otto.9841381 aCabrera y Felipe, Juan.9333211 aGay, Joaquín.956104 aES-MaACLjE-800 bR.20772 c148426d148426 00104070aATENEOMbATENEOMcDEPO2d2008-01-17eSCl0oE-800p1154897r2023-02-23 00:00:00w2023-02-23yMONOGRAFIA